Robot mechanisms and mechanical devices illustrated (Record no. 70308)

000 -LEADER
fixed length control field 00458nam a22001697a 4500
003 - CONTROL NUMBER IDENTIFIER
control field NUST - PNEC
005 - DATE AND TIME OF LATEST TRANSACTION
control field 20170116181137.0
008 - FIXED-LENGTH DATA ELEMENTS--GENERAL INFORMATION
fixed length control field 151007b xxu||||| |||| 00| 0 eng d
020 ## - INTERNATIONAL STANDARD BOOK NUMBER
International Standard Book Number 007141200X
040 ## - CATALOGING SOURCE
Transcribing agency LIBRARY
082 ## - DEWEY DECIMAL CLASSIFICATION NUMBER
Classification number 629.892 SAN
100 ## - MAIN ENTRY--PERSONAL NAME
9 (RLIN) 14406
Personal name Sandin, Paul E.
245 ## - TITLE STATEMENT
Title Robot mechanisms and mechanical devices illustrated
Statement of responsibility, etc. Paul E. Sandin
260 ## - PUBLICATION, DISTRIBUTION, ETC.
Date of publication, distribution, etc. c2003.
650 ## - SUBJECT ADDED ENTRY--TOPICAL TERM
9 (RLIN) 14407
Topical term or geographic name entry element Mechanical movements
General subdivision ME
942 ## - ADDED ENTRY ELEMENTS (KOHA)
Source of classification or shelving scheme
Koha item type Book
Holdings
Withdrawn status Lost status Source of classification or shelving scheme Damaged status Not for loan Permanent Location Current Location Shelving location Date acquired Total Checkouts Full call number Barcode Date last seen Price effective from Koha item type
          Pakistan Navy Engineering College (PNEC) Pakistan Navy Engineering College (PNEC)       629.892 SAN PNECLIB-026580 10/07/2015   Book
© 2023 Central Library, National University of Sciences and Technology. All Rights Reserved.